Countries Of Europe With No Letter A - Statistics

General Stats
  • This quiz has been taken 129 times
    68 since last reset
  • The average score is 5 of 7
Answer Stats
Answer % Correct
Sweden
98%
Belgium
86%
Greece
83%
Luxembourg
72%
Kosovo
69%
Montenegro
66%
Liechtenstein
62%
No matching quizzes found
Score Distribution
Percent of People with Each Score
Percentile by Number Answered
Your Score History
You have not taken this quiz since the last reset